A World View of Bioculturally Modified Teeth

Opis bibliograficzny
1. autor: Irish
Format: Elektroniczne E-book
Język:English
Wydane: University Press of Florida
Hasła przedmiotowe:
Dostęp online:Full text available on Project MUSE [10/26/17]
Off-campus access
LEADER 01036pam a2200241 a 4500
001 AALebookProjectMUSE010021
003 BD-DhAAL
006 m||||||||d||||||||
007 cr||||||||||||
008 221121s9999 xxuabf fo j 001 0 eng d
020 |a 9780813052977 
040 |a BD-DhAAL  |c BD-DhAAL 
100 1 |a Irish 
245 0 0 |h [electronic resource]  |a A World View of Bioculturally Modified Teeth 
260 |b University Press of Florida 
300 |a 1 online resource 
500 |a <strong>Off-Campus Access:</strong> Athens ID and Password Required 
500 |a <strong>On-Campus Access:</strong> No User ID or Password Required 
506 |a Electronic access restricted to authorized BRAC University faculty, staff and students 
538 |a Mode of access: Internet 
655 7 |a Electronic books  |2 Library of Congress 
856 4 0 |z Full text available on Project MUSE [10/26/17]  |u https://muse.jhu.edu/book/56223 
856 4 0 |z Off-campus access  |u https://go.openathens.net/redirector/bracu.ac.bd?url=https%3A%2F%2Fmuse.jhu.edu%2Fbook%2F56223